000 01410nam a2200409 i 4500
001 45414
003 KOSZ 005
005 20230111142848.0
008 041022s2004 pl a |000 0 pol
015 _aPB 2005/462
020 _a8374310030
040 _aWA N
_cWA N
_dKOSZ 005/HR
041 0 _apol
046 _k2014
080 _a316.334.2(438)
080 _a339.9(438)
080 _a332.1(438)
245 0 0 _aRozwój regionalny a procesy globalizacji :
_bpraca zbiorowa /
_cpod red. Andrzeja F. Bociana ; Uniwersytet w Białymstoku. Wydział Ekonomiczny.
260 _aBiałystok :
_bWydawnictwo UwB,
_c2004.
300 _a265 s. :
_bmapy, wykr. ;
_c24 cm.
336 _2rdacontent
_aTekst
_btxt
337 _2rdamedia
_aBez urządzenia pośredniczącego
_bn
338 _2rdacarrier
_aWolumin
_bnc
380 _aKsiążki
388 _a2001-
504 _aBibliogr. przy rozdz.
648 4 _a2001-
650 4 _aGlobalizacja
650 4 _aRegionalizacja gospodarcza
650 4 _aRozwój regionalny
651 4 _aWojewództwo podlaskie (1999- )
658 _aGospodarka, ekonomia, finanse
658 _aPolityka, politologia, administracja publiczna
700 1 _aBocian, Andrzej Franciszek
_d(1939- )
_eRedakcja
856 _uhttp://koha.tu.koszalin.pl/cgi-bin/koha/opac-detail.pl?biblionumber=45414
_yKatalog online BPK
942 _2UKD
_cKS
999 _c45414
_d45414